000 00804nam a22002057a 4500
005 20180413114914.0
010 _aB-690906-907
020 _c1495.00
_a9788191064841
035 _aB-690906-907
037 _bUniversal Voice
082 _a954.552
100 _aCunningham, Joseph Davey
245 _aA history of the sikhs :
_cby Joseph Davey Cunningham
_bfrom origin to battles of sutlej /
260 _aDelhi
_bPanchamPublications
_c2011
270 _aC-33, Ground floor, kondli Colony,
_bDelhi
_e110096
300 _axxx,351p.
_c24cm(Hb)
500 _aBalidani
942 _2ddc
_cEN
_h954.552
_mCUN
999 _c151164
_d151164